000 00653nam a22002297a 4500
001 50824
003 UA-OsUOA
005 20211026112234.0
007 ta
008 20071126b un ||||| |||| 00| 0 ukr d
020 _a9666134632
040 _aUA-OsUOA
_bukr
_cUA-OsUOA
_dUA-OsUOA
041 _aukr
080 _a82-84:801.81
090 _a82-84:801.81
_bГ15
245 _aГалицько-руські народні приповідки
260 _aЛьвів
_bЛНУ ім. Івана Франка
_c2006
300 _a818 с.
650 7 _a82 Література. Літературознавство
_2UDC
942 _cBK
_2udc
955 _a2
999 _c336864
_d336864